• 首页
  • 本馆介绍
  • 公告通知
  • 最新文献
  • 馆藏检索
  • 电子资源
  • 读者导购
  • 参考咨询
  • 我的图书馆
  • 登录
  • 详细信息显示
  • 放入我的书架
  • 预约/预借图书
  • 作者相关作品
  • 分类相关作品
  • 丛书相关作品
  • 出版社相关作品

书目信息

  • 表格格式
  • 工作单格式
  • 卡片格式
题名:
王安石全集
    
 
作者: 王安石 著 ;宁波 点校
分册: 上  
出版信息: 长春   时代文艺出版社  2005
页数: 276页
开本: 21cm
丛书名:
单 册:
中图分类: I214.412
科图分类:
主题词: 古典文学--作品--中国--北宋--选集 , 古典文学 , 作品
电子资源:
ISBN: 7-206-02475-0
000 00881nam0 2200277 45
001 012006200013
005 20070709084536.64
010    @a7-206-02475-0@dCNY90.00(全3册)
092    @aCN@b475165
100    @a20060722d2005 em y0chiy0120 ea
101 0  @achi
102    @aCN@b220000
105    @ay z 000zd
200 1  @a王安石全集@9wang an shi quan ji@h上@f[(北宋)王安石著]@g宁波[等]点校
205    @a2版
210    @a长春@c时代文艺出版社@d2005
215    @a276页@d21cm
330    @a本书收录了王安石的全部文学作品,包括:古诗、律诗、挽辞、集句、集句歌曲、四言诗、古赋、乐章、上梁文、铭、赞、书、疏、奏、状等。
606 0  @a古典文学@x作品@y中国@z北宋@j选集
606 0  @a古典文学
606 0  @a作品
690    @aI214.412@v4
701  0 @a王安石@9wang an shi@4著
702  0 @a宁波@9ning bo@4点校
801  0 @aCN@bLZJBOOK@c20070709
905    @a10447@dI214.412@e567:1=2
    
    王安石全集.上/[(北宋)王安石著]/宁波[等]点校.-2版.-长春:时代文艺出版社,2005
    276页;21cm
    
    
    ISBN 7-206-02475-0:CNY90.00(全3册)
    本书收录了王安石的全部文学作品,包括:古诗、律诗、挽辞、集句、集句歌曲、四言诗、古赋、乐章、上梁文、铭、赞、书、疏、奏、状等。
●
相关链接 在E读中查询图书 在五车中查询图书 在当当中查询图书 在豆瓣中查询图书


正题名:王安石全集     索取号:I214.412/567:1=2         预约/预借

序号 登录号 条形码 馆藏地/架位号 状态 备注
1 0553289   205532896   第一样本阅览室/ [索取号:I214.412/567:1=2] 在馆    
2 0553290   205532903   第二借阅区/ [索取号:I214.412/567:1=2] 在馆    
3 0553291   205532912   第二借阅区/ [索取号:I214.412/567:1=2] 在馆    
4 0553292   205532921   第二借阅区/ [索取号:I214.412/567:1=2] 在馆    
5 0553293   205532930   第二借阅区/ [索取号:I214.412/567:1=2] 在馆    
6 0553294   205532949   第二借阅区/ [索取号:I214.412/567:1=2] 在馆    
7 0553295   205532958   第二借阅区/ [索取号:I214.412/567:1=2] 在馆    
8 0553296   205532967   第二借阅区/ [索取号:I214.412/567:1=2] 在馆    
唐山师范学院图书馆 欢迎您!
大连网信软件有限公司© 版权所有